Plus jeunes Premiers ministres français - Statistiques

Statistiques générales
  • Ce quiz a été pris 122 fois
  • Le résultat moyen est 8 sur 10
Statistiques - réponses
Année de nomination Âge Réponse % Correct
1974 42 ans Jacques Chirac
94%
2014 52 ans Manuel Valls
91%
2005 52 ans Dominique de Villepin
89%
2017 46 ans Edouard Philippe
89%
1984 38 ans Laurent Fabius
89%
1962 51 ans Georges Pompidou
79%
1995 50 ans Alain Juppé
75%
1976 52 ans Raymond Barre
73%
1981 53 ans Pierre Mauroy
71%
1959 47 ans Michel Debré
65%
Aucun quiz correspondant
Distribution des résultats
% des personnes avec chaque résultat
Percentile par nombre de réponses
Votre historique - résultats
Vous n’avez pas pris ce quiz